Marketing a neziskové organizácie

Význam marketingu v neziskových organizáciách. Analýza trhu, jeho segmentácia, identifikácia cieľových skupín. Systematické budovanie a rozvíjanie dobrého mena firmy - vytváranie pozitívneho imidžu organizácie. Marketingový mix neziskových organizácií. Produkty neziskovej organizácie. Public relatio...

ver descrição completa

Na minha lista:
Detalhes bibliográficos
Autor principal: Čihovská, Viera
Outros Autores: Hanuláková, Eva, 1964-, Lipianska, Júlia
Formato: Capítulo de Livro
Idioma:eslovaco
Assuntos:
Tags: Adicionar Tag
Sem tags, seja o primeiro a adicionar uma tag!

MARC

LEADER 00000naa a2200000 4500
001 r036944
005 20230825101750.5
041 0 |a slo 
044 |a SK 
245 1 0 |a Marketing a neziskové organizácie  |c Viera Čihovská, Eva Hanuláková, Júlia Lipianska 
520 |a Význam marketingu v neziskových organizáciách. Analýza trhu, jeho segmentácia, identifikácia cieľových skupín. Systematické budovanie a rozvíjanie dobrého mena firmy - vytváranie pozitívneho imidžu organizácie. Marketingový mix neziskových organizácií. Produkty neziskovej organizácie. Public relations v neziskových organizáciách. 
610 2 0 |a organizácie neziskové 
610 2 0 |a marketing 
610 2 0 |a imidž 
610 2 0 |a služby 
610 2 0 |a produkty 
610 2 0 |a práca s verejnosťou 
100 1 |a Čihovská, Viera 
700 1 |a Hanuláková, Eva, 1964- 
700 1 |a Lipianska, Júlia